| 000 -LEADER |
| fixed length control field |
02503cam a2200469 i 4500 |
| 001 - CONTROL NUMBER |
| control field |
.b30725859 |
| 003 - CONTROL NUMBER IDENTIFIER |
| control field |
OCoLC |
| 005 - DATE AND TIME OF LATEST TRANSACTION |
| control field |
20230306133118.0 |
| 008 - FIXED-LENGTH DATA ELEMENTS--GENERAL INFORMATION |
| fixed length control field |
220612s2007 enka j 000 1 eng d |
| 020 ## - INTERNATIONAL STANDARD BOOK NUMBER |
| International Standard Book Number |
9780439944014 |
| Qualifying information |
(pbk.) |
| 020 ## - INTERNATIONAL STANDARD BOOK NUMBER |
| International Standard Book Number |
0439944015 |
| Qualifying information |
(pbk.) |
| 035 ## - SYSTEM CONTROL NUMBER |
| System control number |
(OCoLC)225394458 |
| Canceled/invalid control number |
(OCoLC)84150872 |
| 040 ## - CATALOGING SOURCE |
| Original cataloging agency |
AU@ |
| Language of cataloging |
eng |
| Transcribing agency |
AU@ |
| Modifying agency |
OCLCQ |
| -- |
YDXCP |
| -- |
UKM |
| -- |
SINLB |
| -- |
OCLCQ |
| -- |
OCLCF |
| -- |
OCLCO |
| -- |
OCLCQ |
| -- |
OCL |
| -- |
AUNTL |
| -- |
AUHCL |
| -- |
OCLCQ |
| -- |
DHA |
| -- |
OCLCQ |
| -- |
NZBAL |
| -- |
UK5EZ |
| -- |
OCLCQ |
| -- |
OCLCO |
| -- |
RDI |
| -- |
KH8 |
| 042 ## - AUTHENTICATION CODE |
| Authentication code |
nbic |
| 043 ## - GEOGRAPHIC AREA CODE |
| Geographic area code |
e-uk--- |
| 082 04 - DEWEY DECIMAL CLASSIFICATION NUMBER |
| Classification number |
909.07 DEA |
| Edition number |
22 |
| 100 1# - MAIN ENTRY--PERSONAL NAME |
| Personal name |
Deary, Terry, |
| Dates associated with a name |
1946- |
| Relator term |
author. |
| Relationship |
aut. |
| 245 14 - TITLE STATEMENT |
| Title |
The measly Middle Ages / |
| Statement of responsibility, etc. |
Terry Deary ; illustrated by Martin Brown. |
| 264 #1 - PRODUCTION, PUBLICATION, DISTRIBUTION, MANUFACTURE, AND COPYRIGHT NOTICE |
| Place of production, publication, distribution, manufacture |
London : |
| Name of producer, publisher, distributor, manufacturer |
Scholastic Children's Books, a division of Scholastic, |
| Date of production, publication, distribution, manufacture, or copyright notice |
2007. |
| 300 ## - PHYSICAL DESCRIPTION |
| Extent |
140 pages : |
| Other physical details |
illustrations ; |
| Dimensions |
20 cm. |
| 336 ## - CONTENT TYPE |
| Content type term |
text |
| Content type code |
txt |
| Source |
rdacontent. |
| 337 ## - MEDIA TYPE |
| Media type term |
unmediated |
| Media type code |
n |
| Source |
rdamedia. |
| 338 ## - CARRIER TYPE |
| Carrier type term |
volume |
| Carrier type code |
nc |
| Source |
rdacarrier. |
| 490 1# - SERIES STATEMENT |
| Series statement |
Horrible histories. |
| 505 2# - FORMATTED CONTENTS NOTE |
| Formatted contents note |
Introduction -- Timeline -- Nasty Normans -- Feudal fellows -- Dreadful disease -- Nutty knights -- Awful Angevins -- Foul food -- Lousy Lancastrians -- Woeful women. |
| 520 ## - SUMMARY, ETC. |
| Summary, etc. |
History with the nasty bits left in! 'The Measly Middle Ages' tells you what life was really like in days of old when knights were bold, women wore tall pointy hats and the peasants were revolting. Want to know a genuine jester's joke? Why chickens had their bottoms shaved? What ten-year-old treacle was used for? Read on for some gruesome games, revolting recipes and fantastic facts. Find out about miserable Medieval monks, the dreaded Black Death, and schools that really knew how to make children suffer. History has never been so horrible! |
| 521 8# - TARGET AUDIENCE NOTE |
| Target audience note |
860L |
| Source |
Lexile. |
| 648 #7 - SUBJECT ADDED ENTRY--CHRONOLOGICAL TERM |
| Chronological term |
1066-1485 |
| Source of heading or term |
fast. |
| 650 #0 - SUBJECT ADDED ENTRY--TOPICAL TERM |
| Topical term or geographic name entry element |
Middle Ages |
| General subdivision |
Social life and customs |
| Form subdivision |
Juvenile literature. |
| 650 #0 - SUBJECT ADDED ENTRY--TOPICAL TERM |
| Topical term or geographic name entry element |
Middle Ages |
| Form subdivision |
Juvenile literature. |
| 650 #7 - SUBJECT ADDED ENTRY--TOPICAL TERM |
| Topical term or geographic name entry element |
Middle Ages. |
| Source of heading or term |
fast |
| Authority record control number or standard number |
(OCoLC)fst01020301. |
| 650 #7 - SUBJECT ADDED ENTRY--TOPICAL TERM |
| Topical term or geographic name entry element |
Middle Ages |
| General subdivision |
Social life and customs. |
| Source of heading or term |
fast |
| Authority record control number or standard number |
(OCoLC)fst01020325. |
| 651 #0 - SUBJECT ADDED ENTRY--GEOGRAPHIC NAME |
| Geographic name |
Great Britain |
| General subdivision |
History |
| Chronological subdivision |
Medieval period, 1066-1485 |
| Form subdivision |
Juvenile literature. |
| 651 #7 - SUBJECT ADDED ENTRY--GEOGRAPHIC NAME |
| Geographic name |
Great Britain. |
| Source of heading or term |
fast |
| Authority record control number or standard number |
(OCoLC)fst01204623. |
| 655 #7 - INDEX TERM--GENRE/FORM |
| Genre/form data or focus term |
History. |
| Source of term |
fast |
| Authority record control number or standard number |
(OCoLC)fst01411628. |
| 655 #7 - INDEX TERM--GENRE/FORM |
| Genre/form data or focus term |
Juvenile works. |
| Source of term |
fast |
| Authority record control number or standard number |
(OCoLC)fst01411637. |
| 699 ## - LOCAL SUBJECT ADDED ENTRY--UNIFORM TITLE (RLIN) |
| Uniform title |
English reading Lexile 860. |
| 699 ## - LOCAL SUBJECT ADDED ENTRY--UNIFORM TITLE (RLIN) |
| Uniform title |
English reading range 801-900. |
| 700 1# - ADDED ENTRY--PERSONAL NAME |
| Personal name |
Brown, Martin, |
| Dates associated with a name |
1959- |
| Relator term |
illustrator. |
| 830 #0 - SERIES ADDED ENTRY--UNIFORM TITLE |
| Uniform title |
Horrible histories. |
| 942 ## - ADDED ENTRY ELEMENTS (KOHA) |
| Source of classification or shelving scheme |
|
| Koha item type |
Books - Non Ficton |